Score 0/20 Timer 08:00
0 Plays Today
% Correct
Friends
99.5%
The Office
98%
Two and a Half Men
96.8%
The Big Bang Theory
96.5%
Scrubs
95.6%
How I Met Your Mother
95.5%
That '70s Show
94%
Modern Family
93.7%
Seinfeld
92.9%
Golden Girls
89.8%
% Correct
M*A*S*H
89.2%
Everybody Loves Raymond
88.5%
30 Rock
86.4%
Cheers
86.1%
I Love Lucy
83.2%
Will & Grace
79.6%
It's Always Sunny in Philadelphia
77.8%
Arrested Development
75.5%
The Wonder Years
60.6%
The League
42%
Remove Ads.
Support Sporcle.
Get the best of Sporcle when you Go Orange. This ad-free experience offers more features, more stats, and more fun while also helping to support Sporcle. Thank you for becoming a member.

You're not logged in!

Compare scores with friends on all Sporcle quizzes.
OR
Log In

Show Comments

Extras

Top Quizzes Today


Score Distribution

Your Account Isn't Verified!

In order to create a playlist on Sporcle, you need to verify the email address you used during registration. Go to your Sporcle Settings to finish the process.

Report this User

Report this user for behavior that violates our Community Guidelines.

Details: